000 00595nam a2200193 a 4500
001 000017525
005 20240412074247.0
008 100326s19uu dr 000 p spa d
040 _aDO-SdBNP
_bspa
_cBNPHU
082 _aRD861.44
_bM181s
100 1 _aMadera Ruiz, Osiris
_938271
245 1 0 _aSusurro para las hojas :
_bdemencias líricas /
_cOsiris Madera Ruiz.
260 _a[s.l. :
_bs.n.,
_cs.a.].
300 _a58 p. ;
_c19 cm.
590 _aInventariado, 2018/LP
650 0 _aPoesía dominicana
_966
650 0 _aLiteratura dominicana.
_967
910 _aValidado. Control de calidad EMS
999 _c17050
_d17050